=LDR 00000nam 2200000 4500 =001 INLIS000000000039240 =005 20130612144900 =008 ***********************************Ind** =035 ##$$a0010-061300000039240 =041 ##$$a Ind =082 ##$$a 302.222 =090 ##$$a 302.222, Coh b =100 ##$$a Cohen, David =245 ##$$a Body language (bahasa tubuh) apa yang perlu anda ketahui, David Cohen ; alih bahasa, Drs. Arwin Saputra =260 ##$$a 2009 $b Jakarta =300 ##$$a 233 hlm, ilus, 21 cm =650 ##$$a Bahasa tubuh =850 ##$$a NBPNMAT =990 ##$$a 92773/BPAP-NTB/2014